000 00607nam a2200229Ia 4500
003 OSt
005 20221005063114.0
006 a|||||r|||| 00| 0
007 ta
008 221004b |||||||| |||| 00| 0 eng d
024 _a89459
037 _cTextual
040 _aCRL
_cCRL
_beng
041 _2eng
_aeng
082 _aR(Y15)wL, M4
100 _aMenage Gilles
_9602589
245 0 _aHistory of women philosophers
260 _aLondon
_bUniversity Press of America UK
_c1984
650 _aPHILOSOPHY
942 _hR(Y15)wL, M4
_cTEXL
_2cc
999 _c970900
_d970900